TOP 10 Biggest Cities In Poland - Statistics

General Stats
  • This quiz has been taken 85 times
  • The average score is 7 of 10
Answer Stats
Nr Residents Answer % Correct
1. 1.864.000 Warsaw
100%
2. 780.000 Krakow
96%
6. 489.000 Gdansk
85%
3. 665.000 Lodz
79%
4. 654.000 Wroclaw
77%
5. 540.000 Poznan
72%
10. 290.000 Katowice
68%
9. 325.000 Lublin
62%
7. 399.000 Szczecin
62%
8. 334.000 Bydgoszcz
43%
No matching quizzes found
Score Distribution
Percent of People with Each Score
Percentile by Number Answered
Your Score History
You have not taken this quiz